EVERY CHILD CAN SUCCEED: MAKING THE MOST OF YOUR CHILD'S LEARNING STYLE (Record no. 167379)

MARC details
000 -LEADER
fixed length control field 00581nam a2200181Ia 4500
003 - CONTROL NUMBER IDENTIFIER
control field OSt
005 - DATE AND TIME OF LATEST TRANSACTION
control field 20260327182433.0
020 ## - INTERNATIONAL STANDARD BOOK NUMBER
International Standard Book Number 1-56179-462-7
040 ## - CATALOGING SOURCE
Transcribing agency LC
050 ## - LIBRARY OF CONGRESS CALL NUMBER
Classification number LB 1031 .T63 1996
100 ## - MAIN ENTRY--PERSONAL NAME
Personal name TOBIAS, CYNTHIA ULRICH
245 #0 - TITLE STATEMENT
Title EVERY CHILD CAN SUCCEED: MAKING THE MOST OF YOUR CHILD'S LEARNING STYLE
260 ## - PUBLICATION, DISTRIBUTION, ETC.
Place of publication, distribution, etc. COLORADO SPRINGS, COLORADO,
Name of publisher, distributor, etc. FOCUS ON THE FAMILY PUBLISHING,
Date of publication, distribution, etc. 1996,
300 ## - PHYSICAL DESCRIPTION
Extent X, 154 P, ILL
500 ## - GENERAL NOTE
General note INCLUDES BIBLIOGRAPHICAL REFERENCES
650 ## - SUBJECT ADDED ENTRY--TOPICAL TERM
Topical term or geographic name entry element 1. Individualized instruction 2. Cognitive styles in children
942 ## - ADDED ENTRY ELEMENTS (KOHA)
Koha item type Long Loan Book
Source of classification or shelving scheme Library of Congress Classification
Holdings
Withdrawn status Lost status Source of classification or shelving scheme Damaged status Not for loan Collection Home library Current library Shelving location Date acquired Inventory number Total checkouts Full call number Barcode Date last seen Copy number Price effective from Koha item type
    Library of Congress Classification     Arts & Social Sciences Kisii University Library Kisii University Library On Display 09/15/2023 077043   LB 1031 .T63 1996 030527 09/15/2023 2 09/15/2023 Long Loan Book
    Library of Congress Classification     Arts & Social Sciences Kisii University Library Kisii University Library On Display 03/27/2026 71775   LB 1031 .T 63 1996 000000024063 03/27/2026 1 03/27/2026 Long Loan Book